000
00289nam a22001337a 4500
008
170210b xxu||||| |||| 00| 0 eng d
020
_a
9780323088947
041
_a
eng
080
_a
61
100
_a
4
101
_a
shm
245
_a
YOUR BOOK SPORTS MEDICINE
_c
SHEPHARD
942
_2
udc
_c
BK
999
_c
5123
_d
5123